Online katalóg knižníc regiónu Turca

Zlatý výber (Record no. 21465)

MARC details
000 -LEADER
fixed length control field 01962cam a2200529 a 4500
001 - CONTROL NUMBER
control field 21465
003 - CONTROL NUMBER IDENTIFIER
control field VRT
005 - DATE AND TIME OF LATEST TRANSACTION
control field 20260302130405.0
008 - FIXED-LENGTH DATA ELEMENTS--GENERAL INFORMATION
fixed length control field 240315s2011 xo a b 000 f slo
015 ## - NATIONAL BIBLIOGRAPHY NUMBER
National bibliography number SNBA2012/08-04783
020 ## - INTERNATIONAL STANDARD BOOK NUMBER
International Standard Book Number 9788089379699
Qualifying information ( viaz.)
035 ## - SYSTEM CONTROL NUMBER
System control number B94BC628-1C7B-4DF7-8B34-ECB5907C32A6
035 ## - SYSTEM CONTROL NUMBER
System control number urn:nbn:sk:snk-amjxtq
035 ## - SYSTEM CONTROL NUMBER
System control number urn:nbn:sk:snk-am0080og
039 #9 - LEVEL OF BIBLIOGRAPHIC CONTROL AND CODING DETAIL [OBSOLETE]
Level of rules in bibliographic description 202403151740
Level of effort used to assign nonsubject heading access points VLOAD
Level of effort used to assign subject headings 201511121723
Level of effort used to assign classification VLOAD
Level of effort used to assign subject headings 201507071650
Level of effort used to assign classification VLOAD
Level of effort used to assign subject headings 201401141314
Level of effort used to assign classification mbpksh01
040 ## - CATALOGING SOURCE
Original cataloging agency POKPOH
Language of cataloging slo
Transcribing agency POKPOH
Modifying agency SNK
Description conventions AACR2
041 1# - LANGUAGE CODE
Language code of text/sound track or separate title slo
Language code of original spa
044 ## - COUNTRY OF PUBLISHING/PRODUCING ENTITY CODE
MARC country code xo
ISO country code SK
072 #7 - SUBJECT CATEGORY CODE
Subject category code 821-93
Subject category code subdivision Literatúra pre deti a mládež (beletria)
Source konspekt
080 ## - UNIVERSAL DECIMAL CLASSIFICATION NUMBER
Universal Decimal Classification number 821-342
Edition identifier 201
080 ## - UNIVERSAL DECIMAL CLASSIFICATION NUMBER
Universal Decimal Classification number 821-93
Edition identifier 2001
100 1# - MAIN ENTRY--PERSONAL NAME
Personal name Erbiti, Alejandra,
Dates associated with a name 1963-
Relationship aut
240 10 - UNIFORM TITLE
Uniform title Selección dorada - Fábulas
Language of a work Slovensky
245 10 - TITLE STATEMENT
Title Zlatý výber
Remainder of title bájky 1
-- [antológia nesmrteľných klasických bájok
Statement of responsibility, etc. úprava bájok: Alejandra Erbitiová ; ilustrácie: Claudio Briasco (Carú) ; preklad Radovan Al Zafari]
246 30 - VARYING FORM OF TITLE
Title proper/short title Bájky 1
250 ## - EDITION STATEMENT
Edition statement 1. vyd.
260 ## - PUBLICATION, DISTRIBUTION, ETC.
Place of publication, distribution, etc. Bratislava
Name of publisher, distributor, etc. Fortuna Libri
Date of publication, distribution, etc. 2011
300 ## - PHYSICAL DESCRIPTION
Extent 63 s.
Other physical details fareb. ilustr.
Dimensions 35 cm
490 1# - SERIES STATEMENT
Series statement Fortuna Junior
500 ## - GENERAL NOTE
General note Názov z obalu
500 ## - GENERAL NOTE
General note Pravdepodobne preložené zo špan.
655 #7 - INDEX TERM--GENRE/FORM
Genre/form data or focus term bájky
Source of term SNKPH
655 #7 - INDEX TERM--GENRE/FORM
Genre/form data or focus term publikácie pre deti
Source of term SNKPH
655 #7 - INDEX TERM--GENRE/FORM
Genre/form data or focus term Fables
Source of term SNKPHeng
655 #7 - INDEX TERM--GENRE/FORM
Genre/form data or focus term Children's literature
Source of term SNKPHeng
700 1# - ADDED ENTRY--PERSONAL NAME
Personal name Briasco, Claudio
Relationship ill
700 1# - ADDED ENTRY--PERSONAL NAME
Personal name Al Zafari, Radovan
Relationship trl
830 #0 - SERIES ADDED ENTRY--UNIFORM TITLE
Uniform title Fortuna Junior
942 ## - ADDED ENTRY ELEMENTS (KOHA)
Source of classification or shelving scheme Dewey Decimal Classification
Koha item type Krásna literatúra pre deti
Suppress in OPAC No
949 ## - LOCAL PROCESSING INFORMATION (OCLC)
6 17A1048587
a snkSB 83407/1
b snk2012/17086
o 1063/12
s 6100:20140925
949 ## - LOCAL PROCESSING INFORMATION (OCLC)
6 17A1048588
a snkSB 83407/1 D1
b snk2012/17087
o 1063/12
949 ## - LOCAL PROCESSING INFORMATION (OCLC)
6 270001000398322
a svkbbD 1303-1
b svkbbm 726661
949 ## - LOCAL PROCESSING INFORMATION (OCLC)
6 3869A13546
a bpksh821-342:821-93
b bpksh63355
949 ## - LOCAL PROCESSING INFORMATION (OCLC)
6 2889186996
a savukPV 16679
b savuk2012/3382
949 ## - LOCAL PROCESSING INFORMATION (OCLC)
6 273K0552277
a svkpoD 2974
b svkpo556573
980 ## - EQUIVALENCE OR CROSS-REFERENCE-SERIES STATEMENT--PERSONAL NAME/TITLE [LOCAL, CANADA]
Personal name 821-342
Holdings
Stav vyradenia Strata Poškodenie Spôsob nadobudnutia Domovská knižnica Aktuálna knižnica Dátum nadobudnutia Total checkouts Čiarový kód exemplára Date last seen Typ exemplára
      Dar Obecná knižnica Turčianska Štiavnička Obecná knižnica Turčianska Štiavnička 02.03.2026   4738000163 02.03.2026 Krásna literatúra pre deti
Projekt je podporený Slovenskou asociáciou knižníc
Prevádzkuje Turčianska knižnica Martin 2026